000 00390nam a2200169Ia 4500
008 210210b1940 xxu||||| |||| 00| 0 eng d
041 _aeng
082 _a825/933
100 _aWORCESTER (D)
245 _aArt of satire
260 _aCambridge
_bHarvard University Press
_c1940
650 _asatire
650 _aof
650 _aArt
690 _aEnglish Criticism
906 _a015249
999 _c134572
_d134572